|
|
|
|
| LEADER |
00929nam a22002297a 4500 |
| 001 |
AAL7373 |
| 003 |
BD-DhAAL |
| 005 |
20160316142728.0 |
| 008 |
160316s 2009bg ||||| |||| 00| 0 ben d |
| 040 |
|
|
|a BD-DhAAL
|c BD-DhAAL
|
| 082 |
|
|
|a 305.4/2/0924
|
| 100 |
|
|
|a হায়দার, মনি
|9 18578
|
| 245 |
|
|
|a বেগম রোকেয়া /
|c মনি হায়দার
|
| 260 |
|
|
|a ঢাকা :
|b কথাপ্রকাশ,
|c ২০০৯
|
| 300 |
|
|
|a ৪৬ পৃ. ;
|c ২২ সে.মি.
|
| 541 |
|
|
|e 7373
|
| 600 |
|
|
|a Rokeẏā, -- Begama, -- 1880-1932.
|9 18579
|
| 610 |
|
|
|a Feminists --
|x Biography
|y Bengal
|z India
|9 18580
|
| 852 |
|
|
|a Savar Campus Library
|c General Shelf
|
| 942 |
|
|
|2 ddc
|c BK
|
| 999 |
|
|
|c 37137
|d 37137
|
| 952 |
|
|
|0 0
|1 0
|2 ddc
|4 0
|6 305_400000000000000_2_0924_HAI
|7 0
|9 58404
|a SCL
|b SCL
|c GEN
|d 2016-03-16
|g 7373.00
|l 3
|o 305.420924 HAI
|p 3020007373
|r 2023-06-17
|s 2023-06-13
|t 1
|w 2016-03-16
|y BK
|